Atlas histórico mundial I de los orígenes a la revolución Francesa / (Registro nro. 9418)
[ vista simple ]
| 000 -CABECERA | |
|---|---|
| Campo de control interno | 01844nam a2200253Ia 4500 |
| 008 - ELEMENTOS DE LONGITUD FIJA - INFORMACIÓN GENERAL | |
| Campo de control de longitud fija | 260220t1970||||xx |||||||||||||| ||spa|| |
| 040 ## - FUENTE DE CATALOGACIÓN | |
| Agencia de catalogación original | PY-SlUNAC |
| Idioma de catalogación | spa |
| Convenciones de descripción | rda |
| 041 ## - CÓDIGO DE IDIOMA | |
| Código de idioma para texto/pista de sonido o título separado | spa |
| 082 ## - NÚMERO DE CLASIFICACIÓN DECIMAL DEWEY | |
| Clasificación Decimal Dewey (CDD) | 912 |
| Clasificación Expansiva de Cutter (EC) | K575a |
| 100 ## - ASIENTO PRINCIPAL - NOMBRE PERSONAL | |
| Nombre personal | Kinder, Herman |
| Rol del autor | Autor |
| 245 #0 - TÍTULO | |
| Título | Atlas histórico mundial I de los orígenes a la revolución Francesa / |
| Mención de responsabilidad | por Herman Kinder [Autor] y Werner Hilgemann [Autor] |
| 264 ## - PIE DE IMPRENTA | |
| Lugar | Madrid : |
| Editorial | Istmo, |
| Año | ℗1970. |
| 300 ## - DESCRIPCIÓN FÍSICA | |
| Páginas | 1 volumen |
| 520 ## - NOTA DE RESUMEN | |
| Nota de resumen | El "Atlas histórico mundial I: de los orígenes a la Revolución Francesa" de Herman Kinder es una obra fundamental que ofrece una visión panorámica de la historia global desde sus inicios hasta la irrupción de la Revolución Francesa. A través de mapas y gráficos ilustrativos, el autor contextualiza eventos clave y procesos históricos, proporcionando un enfoque integral que abarca civilizaciones antiguas, el desarrollo de imperios, y los cambios sociales y culturales que marcaron la evolución de la humanidad. Kinder destaca la interconexión entre diferentes regiones y culturas, enfatizando cómo las interacciones comerciales, bélicas y diplomáticas moldearon el mundo. El atlas no solo es una herramienta visual, sino que también incluye explicaciones detalladas que enriquecen la comprensión del lector sobre el impacto de estos eventos en la historia posterior. Esta obra es indispensable para estudiantes y académicos que buscan una referencia clara y accesible sobre los hitos más significativos del desarrollo humano hasta el final del siglo XVIII. |
| 653 ## - MATERIA - TÉRMINO TEMÁTICO NO CONTROLADO (PALABRAS CLAVE) | |
| Materia - término temático no controlado (palabras clave) | Geografía |
| 653 ## - MATERIA - TÉRMINO TEMÁTICO NO CONTROLADO (PALABRAS CLAVE) | |
| Materia - término temático no controlado (palabras clave) | Historia |
| 653 ## - MATERIA - TÉRMINO TEMÁTICO NO CONTROLADO (PALABRAS CLAVE) | |
| Materia - término temático no controlado (palabras clave) | Revolución francesa |
| 700 ## - ENTRADA SECUNDARIA - AUTOR PERSONAL | |
| Nombre personal | Hilgemann, Werner |
| Rol del autor | Autor |
| 942 ## - ELEMENTOS PERSONALIZADOS (KOHA) | |
| Fecha catalogación | 2026/02/17 |
| Tipo de documento | Libros |
| Fuente de Clasificacion | Colección | Ubicacion permanente | Biblioteca actual | Fecha de Ingreso a la Biblioteca | Origen de adquisición | Código de ubicación | Código de barras | Tipo de Item KOHA | Nota pública |
|---|---|---|---|---|---|---|---|---|---|
| Dewey Decimal Classification | Colección General (CG) | Biblioteca e Internet, Facultad de Ciencias Exactas y Naturales | Biblioteca e Internet, Facultad de Ciencias Exactas y Naturales | 02/20/2026 | Donación | 912 K575a | CG2778 | Libros | Material disponible en la Biblioteca e Intenet, Campus UNA, San Lorenzo. |


